Countries of the World - Two Minute Sprint (no map) - Statistics

General Stats
  • This quiz has been taken 1,379 times
  • The average score is 59 of 196
Answer Stats
Country % Correct
United States
86%
United Kingdom
84%
France
80%
Canada
75%
Russia
75%
China
74%
Spain
74%
Germany
72%
Brazil
71%
Mexico
68%
Italy
67%
Japan
64%
Sweden
64%
Ireland
63%
Australia
60%
India
59%
Norway
59%
Finland
58%
Iceland
58%
Chile
57%
Portugal
57%
Peru
56%
Argentina
53%
Denmark
51%
Greece
51%
Iran
51%
Iraq
51%
Poland
50%
Austria
48%
Egypt
48%
Belgium
47%
Cuba
46%
Albania
43%
Andorra
43%
Ukraine
42%
Democratic Republic of the Congo
41%
Fiji
41%
United Arab Emirates
41%
Colombia
40%
Bolivia
39%
Estonia
39%
Latvia
39%
New Zealand
39%
Chad
38%
Netherlands
38%
Haiti
37%
Turkey
37%
Yemen
37%
Niger
36%
Oman
36%
Panama
36%
Algeria
35%
Belarus
35%
Laos
35%
Republic of the Congo
35%
Malta
34%
South Africa
34%
South Korea
34%
Uruguay
34%
Venezuela
34%
Croatia
33%
Ecuador
33%
Hungary
33%
Israel
33%
Togo
33%
Tonga
33%
Vatican City
33%
Belize
32%
Jamaica
32%
Lithuania
32%
Mali
32%
Paraguay
32%
Bosnia and Herzegovina
31%
Indonesia
31%
Libya
31%
Monaco
31%
Nigeria
31%
Romania
31%
Samoa
31%
Serbia
31%
Guyana
30%
Nauru
30%
North Korea
30%
Sudan
30%
Switzerland
30%
Thailand
30%
Vietnam
30%
Bahamas
29%
Benin
29%
Bulgaria
29%
Mongolia
29%
Pakistan
29%
Central African Republic
28%
Ghana
28%
Guatemala
28%
Nepal
28%
Palau
28%
Syria
28%
Armenia
27%
Cyprus
27%
Honduras
27%
Morocco
27%
Qatar
27%
Slovakia
27%
Suriname
27%
Angola
26%
Bhutan
26%
San Marino
26%
Tuvalu
26%
Antigua and Barbuda
25%
Costa Rica
25%
Slovenia
25%
Taiwan
25%
Afghanistan
24%
Barbados
24%
Dominica
24%
Dominican Republic
24%
Jordan
24%
Kosovo
24%
Kuwait
24%
Saudi Arabia
24%
Tunisia
24%
Bahrain
23%
Kenya
23%
Vanuatu
23%
Lebanon
22%
Luxembourg
22%
Moldova
22%
Saint Kitts and Nevis
22%
Saint Lucia
22%
Cambodia
21%
Czech Republic
21%
Kiribati
21%
Nicaragua
21%
Grenada
20%
Malaysia
20%
Saint Vincent and the Grenadines
20%
Brunei
19%
El Salvador
19%
Guinea
19%
Macedonia
19%
Philippines
19%
Sri Lanka
19%
Trinidad and Tobago
19%
Burma
18%
Ethiopia
18%
Gabon
18%
Georgia
18%
Liechtenstein
18%
Montenegro
18%
Gambia
17%
Kazakhstan
17%
Singapore
17%
Uganda
17%
Azerbaijan
16%
Namibia
16%
Rwanda
16%
Somalia
16%
South Sudan
16%
Bangladesh
15%
Botswana
15%
Zambia
15%
Lesotho
14%
Malawi
14%
Papua New Guinea
14%
Burundi
13%
Cameroon
13%
Eritrea
13%
Federated States of Micronesia
13%
Liberia
13%
Maldives
13%
Senegal
13%
East Timor
12%
Madagascar
12%
São Tomé and Príncipe
12%
Tanzania
12%
Zimbabwe
12%
Comoros
11%
Solomon Islands
11%
Cabo Verde
10%
Djibouti
10%
Mauritania
10%
Guinea-Bissau
9%
Seychelles
9%
Turkmenistan
9%
Uzbekistan
9%
Burkina Faso
8%
Marshall Islands
8%
Mauritius
8%
Mozambique
8%
Tajikistan
8%
Côte d'Ivoire
7%
Kyrgyzstan
7%
Swaziland
6%
Sierra Leone
5%
Equatorial Guinea
4%
No matching quizzes found
Score Distribution
Percent of People with Each Score
Percentile by Number Answered
Your Score History
You have not taken this quiz